Statistics for All borders of Europe

Click here to take the quiz!

General Stats

  • This quiz has been taken 35 times
  • The average score is 84 of 178

Answer Stats

Answer% Correct
Finland Russia
92%
France Germany
92%
Portugal Spain
92%
Andorra Spain
88%
Austria Germany
88%
Estonia Russia
88%
France Italy
88%
France Monaco
88%
Ireland UK
88%
Norway Sweden
88%
Andorra France
83%
Belgium Luxembourg
83%
Belgium Netherlands
83%
Denmark Germany
83%
Finland Sweden
83%
France Switzerland
83%
Italy San Marino
83%
Italy Slovenia
83%
Italy Switzerland
83%
Italy Vatican
83%
Netherlands Germany
83%
Norway Russia
83%
Poland Germany
83%
Albania Greece
79%
Austria Hungary
79%
Austria Switzerland
79%
Russia Ukraine
79%
Switzerland Germany
79%
Albania Montenegro
75%
Belarus Russia
75%
Belgium France
75%
Bulgaria Romania
75%
Estonia Latvia
75%
France Luxembourg
75%
Latvia Lithuania
75%
Lithuania Russia
75%
North Macedonia Greece
75%
Austria Italy
71%
Belarus Poland
71%
Belgium Germany
71%
Czechia Germany
71%
France Spain
71%
Latvia Russia
71%
Liechtenstein Switzerland
71%
Luxembourg Germany
71%
Poland Russia
71%
Albania Kosovo
67%
Austria Slovakia
67%
Austria Slovenia
67%
Belarus Lithuania
67%
Belarus Ukraine
67%
Czechia Poland
67%
Finland Norway
67%
Moldova Romania
67%
Moldova Ukraine
67%
Turkey Greece
67%
Albania North Macedonia
63%
Austria Czechia
63%
Austria Liechtenstein
63%
Bosnia & Herzegovina Croatia
63%
Bulgaria Greece
63%
Bulgaria Serbia
63%
Bulgaria Turkey
63%
Hungary Slovakia
63%
Turkey Bulgaria
63%
Croatia Serbia
58%
Croatia Slovenia
58%
Czechia Slovakia
58%
Kosovo Montenegro
58%
Kosovo Serbia
58%
Poland Slovakia
58%
Russia Kazakhstan
58%
Spain Uk
58%
Hungary Serbia
54%
Hungary Slovenia
54%
Lithuania Poland
54%
Poland Ukraine
54%
Russia Azerbaijan
54%
Russia China
54%
Russia Georgia
54%
Croatia Montenegro
50%
Hungary Ukraine
50%
Romania Serbia
50%
Russia Mongolia
50%
Russia North Korea
50%
Bosnia & Herzegovina Montenegro
46%
Bosnia & Herzegovina Serbia
46%
Croatia Hungary
46%
Kosovo North Macedonia
46%
Bulgaria North Macedonia
42%
Montenegro Serbia
42%
North Macedonia Serbia
42%
Atlantic Portugal
38%
Atlantic UK
38%
Hungary Romania
38%
North UK
38%
Slovakia Ukraine
38%
Turkey Armenia
38%
Turkey Syria
38%
Atlantic Ireland
33%
Atlantic Spain
33%
France Brazil
33%
North Denmark
33%
North Germany
33%
North Norway
33%
North Sweden
33%
Turkey Azerbaijan
33%
Turkey Georgia
33%
Turkey Iran
33%
Adriatic Croatia
29%
Adriatic Italy
29%
Atlantic France
29%
Atlantic Iceland
29%
Baltic Finland
29%
Baltic Germany
29%
Baltic Russia
29%
Baltic Sweden
29%
Belarus Estonia
29%
France Suriname
29%
Mediterranean Cyprus
29%
Mediterranean France
29%
Mediterranean Italy
29%
Mediterranean Spain
29%
North Belgium
29%
North France
29%
North Netherlands
29%
Adriatic Albania
25%
Adriatic Montenegro
25%
Adriatic Slovenia
25%
Aegean Greece
25%
Aegean Turkey
25%
Baltic Estonia
25%
Baltic Latvia
25%
Baltic Lithuania
25%
Baltic Poland
25%
Black Russia
25%
English Channel France
25%
English Channel UK
25%
Irish ireland
25%
Irish UK
25%
Mediterranean Malta
25%
Turkey Iraq
25%
Adriatic Bosnia & Herzegovina
21%
Baltic Denmark
21%
Barents Norway
21%
Black Bulgaria
21%
Black Romania
21%
Black Turkey
21%
Black Ukraine
21%
Ionian Albania
21%
Ionian Greece
21%
Kara Russia
21%
Norwegian Norway
21%
Spain Morocco
21%
Arctic Denmark
17%
Arctic Norway
17%
Atlantic Denmark
17%
Barents Russia
17%
Bering Russia
17%
Black Georgia
17%
Black Moldova
17%
East Siberian Russia
17%
Ionian Italy
17%
Laptev Russia
17%
Norwegian Iceland
17%
White Russia
17%
Arctic Russia
13%
Mediterranean Turkey
13%
Okhotsk Russia
13%
Tyrrhenian Italy
13%
Norwegian Denmark
8%
Sea of Japan Russia
8%
Tyrrhenian France
8%
Baffin Denmark
4%
Chukchi Russia
4%
Greenland Sea Denmark
4%
Greenland Sea Norway
4%
Labrador Denmark
4%

Score Distribution

Percentile by Number Answered

Percent of People with Each Score

Your Score History

You have not taken this quiz